Responses for Show #8688 - Wednesday, July 20, 2022

Contestants

[<< previous game]

Alison Trembly, a nurse practitioner from Amelia Island, Florida

Alfred Guy, an assistant dean from Babylon, New York

Matt Mierswa, an attorney from River Edge, New Jersey (whose 1-day cash winnings total $29,201)

[next game >>]

Jeopardy! Round responses

PLEASE RISE FOR OUR NATIONAL...
DOUBLE TALK
WORLD CAPITAL ATTRACTIONS
QUIZ BOWL
IT'S A BUG
NOT A FEATURE
    $200 30
bald eagle

Matt
    $200 15
tutu

Alison
    $200 13
Tokyo

Alfred
    $200 1
a sugar bowl

Alison
    $200 28
ants

Matt
    $200 26
(Alfred: Who is Bugs Bunny?)
(Matt: Who is Scrooge McDuck?)
...
(Ken: It is a Chuck Jones cartoon, Alfred; it's not Bugs Bunny though, it's [*].)

Daffy Duck

MattAlfred
Triple Stumper
    $400 5
(Alison: Out of the Many, One?)

In God We Trust

AlfredAlison
    $400 14
murmur

Matt
    $400 12
Rome

Alison
    $400 29
the Hollywood Bowl

Alfred
    $400 27
ladybug

Alison
    $400 25
a desk lamp

Matt
    $600 2
Uncle Sam

Alfred
    $600 6
the cha-cha

Matt
    $600 9
(Alfred: What is Argentina?
(Ken: No.)
(Alfred: What is [*]?)

Buenos Aires

AlfredAlison
    $600 16
the Puppy Bowl

Matt
    $600 22
ticks

Matt
    $600 19
basketball

Triple Stumper
    $800 3
roses

Matt
    $800 7
mahi-mahi

Matt
    $800 10
(Ken: Laika was the Russian space dog.)

Moscow

Triple Stumper
    $800 17
the Dust Bowl

Matt
    $800 23
roly-polies

Matt
    $800 20
Yoko Ono

Alison
    $1,000 4
(Matt: What is... "Hail To The Chief"?)
[Ken does not include "The" when giving the correct response.]

"The Stars And Stripes Forever"

Matt
    $1000 8
(Alfred: What is Marie?)
...
(Ken: ...I admire Alfred's good Aristocats knowledge.)

froufrou

AlfredAlison
    $1000 11
(Ken: Yes, Trench Town in Jamaica.)

Kingston

Alison
    $1000 18
(Alison: What is [*] or punch bowl?)

a wassail

Alison
    $1000 24
fruit flies

Matt
    $1000 21
Karen Carpenter

Alison

Scores at the first commercial break (after clue 15):

Matt Alfred Alison
$1,600 -$400 $3,000

Scores at the end of the Jeopardy! Round:

Matt Alfred Alison
$6,000 -$200 $6,200

Double Jeopardy! Round responses

FAMOUS AMERICANS
EATING & DRINKING PLACES
HISTORY
THE TITLE THAT COMPLETES THE RHYME
ESSAYS
HEY, NICE "AB"s!
(Ken: Each response will begin with the letters "A-B".)
    $400 11
Marilyn Monroe

Alison
    $400 6
a dive bar

Matt
    $400 16
Isabella

Alison
    $400 4
(Ken: I really wish this was Johnny reading these; this is [*] by Taylor Swift.)

"You Need To Calm Down"

Triple Stumper
    $400 30
hope

Matt
    $400 25
abandon

Alfred
    $800 13
Annie Oakley

Matt
    $800 7
surf & turf

Matt
    $800 18
(Ken: Pledged anyway.)

Hong Kong

Matt
    $800 3
(Ken: [Noticing Matt's hand motion] And extra points for the NSYNC impression.)

"Bye Bye Bye"

Matt
    $800 29
Westminster Abbey

Alison
    $800 23
(Alison: What is an abduction? [*].)
(Ken: Yes, you corrected it before I could, so go again.)

abductor

Alison
    $1200 12
Chavez

Matt
    $2,400 8
a canteen

Matt
    $1200 17
Constantinople

Matt
    $1200 1
(Ken: That's Gotye's [*].)

"Somebody That I Used To Know"

Triple Stumper
    $1200 28
Walden

Alfred
    $1200 22
the abbot

Matt
    $1600 14
Norman Rockwell

Alison
    $1600 9
(Matt: What is a café?)

a cybercafe

Matt
Triple Stumper
    $1600 19
the Franco-Prussian War

Triple Stumper
    $1600 2
(Ken: Eminem and Rihanna.)

"Love The Way You Lie"

Matt
    $2,100 26
(Ken: By Virginia Woolf.)

A Room of One's Own

Alfred
    $1600 21
(Alfred: [When selecting the first clue of the category] NICE "AB"s for $1600.)
(Ken: Well, thank you.)
[Laughter]

an abrasive

Matt
    $2000 15
Marian Anderson

Matt
    $2000 10
a trattoria

Matt
    $2000 20
Pericles

Alfred
    $2000 5
(Ken: Destiny's Child, yes.)

"Say My Name"

Matt
    $2000 27
Bacon

Matt
    $2000 24
to abide

Alison

Scores at the end of the Double Jeopardy! Round:

Matt Alfred Alison
$25,600 $5,500 $12,200
(lock game)

[wagering suggestions for these scores]

Final Jeopardy! Round responses

HISTORIC AMERICAN ROADS
(Ken: [To Alfred] Is that Old English? [Alfred nods.] "Hwaet is [*]"? [*] is the road, yes; we only think of a few blocks in Midtown Manhattan, but, apparently, it runs, what, 30 miles up into the Hudson River Valley.)
...
(Ken: Allison Trembly not from New York State like you were; did that give you a leg up... right part of the country; wrong road.)
...
(Ken: [To Matt] Did he know it was [*]? Or will we have another broken heart?)
AlfredWhat? Hwaet is Broadway?
$5,499
AlisonWhat is the Tappan Zee Rd
$1,000
MattWhat is Broadway?
$1,044
Broadway

Final scores:

Matt Alfred Alison
$26,644 $10,999 $11,200
2-day champion: $55,845 3rd place: $1,000 2nd place: $2,000

Game dynamics:

Coryat scores:

Matt Alfred Alison
$25,400 $5,000 $12,200
28 R
(including 1 DD),
3 W
(including 1 DD)
8 R
(including 1 DD),
3 W
16 R,
1 W

Combined Coryat: $42,600

[game clues] [game scores] [suggest correction]

Game tape date: 2022-05-16
The J! Archive is created by fans, for fans. Scraping, republication, monetization, and malicious use prohibited; this site may use cookies and collect identifying information. See terms. The Jeopardy! game show and all elements thereof, including but not limited to copyright and trademark thereto, are the property of Jeopardy Productions, Inc. and are protected under law. This website is not affiliated with, sponsored by, or operated by Jeopardy Productions, Inc. Join the discussion at JBoard.tv.